000 01115nam a2200265 a 4500
001 000008002
005 20200929154404.0
008 090914s1990 dr ac 000 0 spa d
040 _aDO-SdBNP
_bspa
_cBNPHU
082 _a338.17373
_bS211d
100 1 _aSánchez Roa, Adriano
_98496
245 1 4 _aLos dueños del café :
_b30 años de economía cafetalera /
_cAdriano Sánchez Roa ; prólogo Marino Vinicio Castillo Rodríguez.
260 _aSanto Domingo :
_bIMOC,
_c1990.
300 _a237 p. :
_bil., retr. ;
_c24 cm.
500 _aIncluye referencias bibliográficas y notas al pie de las páginas.
500 _aIncluye datos biográficos del autor en las solapas
504 _aBibliografía : p. 229-232
590 _aInventariado,2018/DG
650 4 _aIndustria del café
_zRepública Dominicana
_9296
650 4 _aCafé
_xComercio
_9295
650 4 _aCafeteros
_zRepública Dominicana
_921870
700 1 2 _aCastillo Rodríguez, Marino Vinicio,
_epról.
_921871
710 2 _aInstituto del Movimiento Obrero, Campesino y Popular (República Dominicana)
_921872
910 _aValidado. Control de calidad MFF
999 _c7779
_d7779